Eighth Malaysian Plan 2001-2005.
| Corporate Author: | |
|---|---|
| Format: | Book |
| Published: |
Putrajaya:
Economic Planning Unit,
2001.
|
| Subjects: |
| LEADER | 00471cam a2200157 7i4500 | ||
|---|---|---|---|
| 001 | 0000009359 | ||
| 005 | 20060614090000.0 | ||
| 022 | 0 | 0 | |a 967-99911-2-1 |
| 090 | 0 | 0 | |a M 338.9595 |b MAL |
| 110 | 1 | 0 | |a Malaysia.Jabatan Perdana Menteri |
| 245 | 1 | 0 | |a Eighth Malaysian Plan 2001-2005. |
| 260 | 0 | 0 | |a Putrajaya: |b Economic Planning Unit, |c 2001. |
| 300 | # | # | |a 658 p. |
| 650 | 0 | 0 | |a Economic planning -- |z Malaysia |
| 651 | 0 | 0 | |a Malaysia |
| 999 | |a B000012409 |b Book |c Countries |e Business Information Centre | ||